Cities in Norway - sudden death - Statistics

General Stats
  • This quiz has been taken 266 times
  • The average score is 9 of 15
Answers on the Grid
Answers color-coded by a green-red scale on the quiz's grid according to % correct below.
Stavanger
Bergen
Oslo
Sardinburg
Kielland city
Solberg stat
Lillehammer
Storehammer
New Nærbø
Kristiansand
Sildvika
Flekkefjord
Brønnøysund
Havheim
Storsletta
Kolvereid
Tromsø
Grimstad
Isdalen
Kystvik
Trondheim
Egersund
Hammerfest
Øksfest
Ulvehaug
Kannik
Alta
Malta
Fredrikshavn
Bodø
 
Answer Stats
Answer % Correct
Oslo
96%
Bergen
93%
Stavanger
88%
Lillehammer
84%
Tromsø
77%
Trondheim
77%
Kristiansand
68%
Bodø
63%
Hammerfest
58%
Alta
49%
Brønnøysund
41%
Grimstad
40%
Flekkefjord
38%
Egersund
35%
Kolvereid
13%
No matching quizzes found
Score Distribution
Percent of People with Each Score
Percentile by Number Answered
Your Score History
You have not taken this quiz